|
|
|
|
| LEADER |
01590nam a2200421Ia 4500 |
| 001 |
EBC181316 |
| 003 |
MiAaPQ |
| 005 |
20200520144314.0 |
| 006 |
m o d | |
| 007 |
cr cn||||||||| |
| 008 |
930127s1993 enka sb 001 0 eng d |
| 010 |
|
|
|z 93002874
|
| 020 |
|
|
|z 0203485556
|
| 020 |
|
|
|z 0750701668 (cased) :
|
| 020 |
|
|
|z 0750701676 (paper) :
|
| 035 |
|
|
|a (MiAaPQ)EBC181316
|
| 035 |
|
|
|a (Au-PeEL)EBL181316
|
| 035 |
|
|
|a (CaPaEBR)ebr10061147
|
| 035 |
|
|
|a (CaONFJC)MIL6927
|
| 035 |
|
|
|a (OCoLC)475890919
|
| 040 |
|
|
|a MiAaPQ
|c MiAaPQ
|d MiAaPQ
|
| 050 |
|
4 |
|a HF5549.5.T7
|b R387 1993
|
| 245 |
0 |
4 |
|a The Return of the mentor
|h [electronic resource] :
|b strategies for workplace learning /
|c edited by Brian J. Caldwell and Earl M.A. Carter.
|
| 260 |
|
|
|a London ;
|a Washington, D.C. :
|b Falmer Press,
|c 1993.
|
| 300 |
|
|
|a viii, 249 p. :
|b ill.
|
| 490 |
1 |
|
|a Education policy perspectives
|
| 504 |
|
|
|a Includes bibliographical references (p. 221-233) and index.
|
| 533 |
|
|
|a Electronic reproduction. Ann Arbor, MI : ProQuest, 2015. Available via World Wide Web. Access may be limited to ProQuest affiliated libraries.
|
| 650 |
|
0 |
|a Employees
|x Training of.
|
| 650 |
|
0 |
|a Mentoring in business.
|
| 650 |
|
0 |
|a Mentoring in education.
|
| 650 |
|
0 |
|a Mentoring in the professions.
|
| 655 |
|
4 |
|a Electronic books.
|
| 700 |
1 |
|
|a Caldwell, Brian.
|
| 700 |
1 |
|
|a Carter, E. M. A.
|q (Earl M. A.)
|
| 710 |
2 |
|
|a ProQuest (Firm)
|
| 830 |
|
0 |
|a Education policy perspectives.
|
| 856 |
4 |
0 |
|u https://ebookcentral.proquest.com/lib/matrademy/detail.action?docID=181316
|z Click to View
|